Lược sử lập hiến Việt Nam
Nghiên cứu tư tưởng lập hiến Việt Nam qua các thời kì: trước Cách mạng Tháng Tám năm 1945, lập hiến dưới chế độ chính quyền Sài Gòn, lập hiến cách mạng ở Việt Nam
Đã lưu trong:
| 主要作者: | |
|---|---|
| 格式: | 圖書 |
| 語言: | Undetermined |
| 出版: |
Thành phố Hồ Chí Minh
Tổng hợp Thành phố Hồ Chí Minh
2013
|
| 主題: | |
| 標簽: |
添加標簽
沒有標簽, 成為第一個標記此記錄!
|
| Thư viện lưu trữ: | Trung tâm Học liệu Trường Đại học Cần Thơ |
|---|
| LEADER | 00955nam a2200217Ia 4500 | ||
|---|---|---|---|
| 001 | CTU_193203 | ||
| 008 | 210402s9999 xx 000 0 und d | ||
| 020 | |c 135000 | ||
| 082 | |a 342.597029 | ||
| 082 | |b Th107 | ||
| 100 | |a Phan, Đăng Thanh | ||
| 245 | 0 | |a Lược sử lập hiến Việt Nam | |
| 245 | 0 | |c Phan Đăng Thanh, Trương Thị Hòa | |
| 260 | |a Thành phố Hồ Chí Minh | ||
| 260 | |b Tổng hợp Thành phố Hồ Chí Minh | ||
| 260 | |c 2013 | ||
| 520 | |a Nghiên cứu tư tưởng lập hiến Việt Nam qua các thời kì: trước Cách mạng Tháng Tám năm 1945, lập hiến dưới chế độ chính quyền Sài Gòn, lập hiến cách mạng ở Việt Nam | ||
| 650 | |a Constitutional law,Luật hiến pháp | ||
| 650 | |z Vietnam,Việt Nam | ||
| 910 | |a Hải | ||
| 980 | |a Trung tâm Học liệu Trường Đại học Cần Thơ | ||